Špecifiká hodnotenia pozície podniku na trhu
Vplyv finančnej krízy na finančnú výkonnosť podnikov. Skúmanie finančných výsledkov odvetvového súboru podnikov. Skúmanie postavenia podniku na trhu. Komparácia výsledkov vybraného podniku s odvetvovým súborom podnikov. Relatívna miera variability. Základné spôsoby merania variability.
Gespeichert in:
| 1. Verfasser: | |
|---|---|
| Format: | Buchkapitel |
| Sprache: | Slowakisch |
| Schlagworte: | |
| Tags: |
Keine Tags, Fügen Sie das erste Tag hinzu!
|
MARC
| LEADER | 00000nla a2200000 4500 | ||
|---|---|---|---|
| 001 | 0186695 | ||
| 005 | 20240603073218.6 | ||
| 041 | 0 | |a slo | |
| 044 | |a SK | ||
| 245 | 1 | 0 | |a Špecifiká hodnotenia pozície podniku na trhu |c Alena Tóthová |
| 520 | |a Vplyv finančnej krízy na finančnú výkonnosť podnikov. Skúmanie finančných výsledkov odvetvového súboru podnikov. Skúmanie postavenia podniku na trhu. Komparácia výsledkov vybraného podniku s odvetvovým súborom podnikov. Relatívna miera variability. Základné spôsoby merania variability. | ||
| 610 | 2 | 0 | |a výkonnosť podniku |
| 610 | 2 | 0 | |a trh |
| 610 | 2 | 0 | |a likvidita podniku |
| 610 | 2 | 0 | |a aktíva |
| 610 | 2 | 0 | |a zadlženosť |
| 100 | 1 | |a Tóthová, Alena, 1968- | |